Markets (Record no. 83806)

MARC details
000 -LEADER
fixed length control field 01073cab a22002055a 4500
001 - CONTROL NUMBER
control field L155080
008 - FIXED-LENGTH DATA ELEMENTS--GENERAL INFORMATION
fixed length control field 120228e20120224xxk 000 0 eng d
035 ## - SYSTEM CONTROL NUMBER
System control number (Sirsi) u155080
041 0# - LANGUAGE CODE
Language code of text/sound track or separate title eng
100 1# - MAIN ENTRY--PERSONAL NAME
Personal name Stewart, Sarah
245 00 - TITLE STATEMENT
Title Markets
Remainder of title Thames Valley and Swindon
260 ## - PUBLICATION, DISTRIBUTION, ETC.
Date of publication, distribution, etc. 2012
490 #0 - SERIES STATEMENT
Series statement Property Week
Volume/sequential designation 78(08) 24 February 2012, 45- 56(5)
520 ## - SUMMARY, ETC.
Summary, etc. Cisco Systems breaks leases on two of its unoccupied buildings at Green Park in Reading. Reading's Station Hill developers, Sackville Developments and LaSalle, have produced separate but complimentary planning applications. Criterion Capital, owners of two Slough shopping centres, Queensmere and Observatory, are looking to merge them into one. Hammerson is considering enlarging its Reading Oracle Shopping Centre by introducing floating trading space. Segro is to build 1.3m sq ft of offices for data companies and online retailers at its flagship Slough Trading Estate.
590 ## - LOCAL NOTE (RLIN)
Local note KA
651 #4 - SUBJECT ADDED ENTRY--GEOGRAPHIC NAME
Geographic name Thames Valley
651 #4 - SUBJECT ADDED ENTRY--GEOGRAPHIC NAME
Geographic name Swindon
690 ## - LOCAL SUBJECT ADDED ENTRY--TOPICAL TERM (OCLC, RLIN)
Topical term or geographic name as entry element Commercial property
9 (RLIN) 6227
942 ## - ADDED ENTRY ELEMENTS (KOHA)
Suppress in OPAC 0
Holdings
Withdrawn status Lost status Source of classification or shelving scheme Damaged status Not for loan Home library Current library Shelving location Date acquired Total Checkouts Full call number Barcode Date last seen Price effective from Koha item type
    Dewey Decimal Classification     London London Journal article 28/02/2012   L155080 155080-1001 06/08/2019 06/08/2019 Journal